[Event "ZN-2021-0-04268"]
[Site "LSS email"]
[Date "2021.01.25"]
[Round "?"]
[White "Venturas, Bob"]
[Black "Kuttner, Jaromir"]
[Result "0-1"]
[WhiteElo "619"]
[BlackElo "962"]
[PlyCount "62"]
[EventDate "2021.01.21"]
[EventType "match (corr)"]
[EventRounds "2"]
[EventCountry "GER"]
[SourceTitle "Corr 2022"]
[Source "ChessBase"]
[SourceDate "2021.10.24"]
[SourceVersion "1"]
[SourceVersionDate "2021.10.24"]
[SourceQuality "1"]

1. e4 c5 2. d4 cxd4 3. Nf3 Nc6 4. Nxd4 g6 5. Bd2 Nxd4 6. Bc3 e5 7. Bxd4 exd4 8. Qxd4 Nf6 9. Bc4 Bg7 10. Qd6 Qe7 11. Qxe7+ Kxe7 12. Nc3 Ng4 13. f3 Ne5 14. Bb3 Rd8 15. 0-0 d6 16. Nd5+ Kf8 17. c3 Be6 18. Rad1 Rac8 19. f4 Nc4 20. Bxc4 Rxc4 21. b3 Rxe4 22. c4 Bg4 23. h3 Bxd1 24. Rxd1 Rde8 25. Rd2 Bd4+ 26. Kh1 Re1+ 27. Kh2 Bg1+ 28. Kg3 R8e2 29. Rd3 Rxa2 30. Nb4 Rb2 31. Nd5 Ree2 0-1

[Event "ZN-2021-0-04266"]
[Site "LSS email"]
[Date "2021.01.19"]
[Round "?"]
[White "Lombardi, Donato"]
[Black "Venturas, Bob"]
[Result "1-0"]
[WhiteElo "866"]
[BlackElo "626"]
[PlyCount "37"]
[EventDate "2021.01.09"]
[EventType "match (corr)"]
[EventRounds "2"]
[EventCountry "GER"]
[SourceTitle "Corr 2022"]
[Source "ChessBase"]
[SourceDate "2021.10.24"]
[SourceVersion "1"]
[SourceVersionDate "2021.10.24"]
[SourceQuality "1"]

1. e4 e5 2. Nf3 Nc6 3. d4 exd4 4. Nxd4 Nxd4 5. Qxd4 Qf6 6. Be3 Bd6 7. Nc3 c6 8. 0-0-0 Be5 9. Qd3 Ne7 10. Bd4 0-0 11. Bxe5 Qxe5 12. g3 a5 13. f4 Qc5 14. h4 b5 15. g4 Ba6 16. Qg3 f6 17. Rxd7 b4 18. Na4 b3 19. Nxc5 1-0

[Event "RN-2021-0-01602"]
[Site "LSS email"]
[Date "2021.01.13"]
[Round "?"]
[White "Cook, Paul"]
[Black "Venturas, Bob"]
[Result "1-0"]
[WhiteElo "937"]
[BlackElo "769"]
[PlyCount "61"]
[EventDate "2020.10.10"]
[EventType "tourn (corr)"]
[EventRounds "6"]
[EventCountry "GER"]
[SourceTitle "Corr 2022"]
[Source "ChessBase"]
[SourceDate "2021.10.24"]
[SourceVersion "1"]
[SourceVersionDate "2021.10.24"]
[SourceQuality "1"]

1. d4 d5 2. c4 Nc6 3. Nf3 h6 4. cxd5 Qxd5 5. Nc3 Qd8 6. d5 Nb8 7. e4 e6 8. Bc4 Nd7 9. 0-0 e5 10. Be3 Bd6 11. Nd2 a6 12. Bd3 Ngf6 13. h3 0-0 14. Rc1 c5 15. Nc4 Nb6 16. Nxd6 Qxd6 17. Qf3 Nh7 18. Ne2 Qg6 19. Ng3 Bd7 20. Bxc5 Rfe8 21. Qe3 Nc8 22. f4 exf4 23. Rxf4 f6 24. e5 Rxe5 25. Bxg6 Rxe3 26. Bxe3 Nf8 27. Bd3 Nd6 28. Nh5 Re8 29. Bd4 Nf7 30. Rxf6 gxf6 31. Nxf6+ 1-0

[Event "RN-2021-0-01602"]
[Site "LSS email"]
[Date "2021.01.08"]
[Round "?"]
[White "Lombardi, Donato"]
[Black "Venturas, Bob"]
[Result "1-0"]
[WhiteElo "838"]
[BlackElo "769"]
[PlyCount "41"]
[EventDate "2020.10.10"]
[EventType "tourn (corr)"]
[EventRounds "6"]
[EventCountry "GER"]
[SourceTitle "Corr 2022"]
[Source "ChessBase"]
[SourceDate "2021.10.24"]
[SourceVersion "1"]
[SourceVersionDate "2021.10.24"]
[SourceQuality "1"]

1. e4 e5 2. Nf3 Nc6 3. d4 exd4 4. Nxd4 Bc5 5. Be3 Qf6 6. c3 d6 7. Bb5 Bxd4 8. Bxd4 Bd7 9. Bxf6 Nxf6 10. Bxc6 Bxc6 11. Nd2 0-0 12. 0-0 Nxe4 13. Nxe4 Bxe4 14. Qd4 Bc6 15. Rfe1 Bd7 16. Re7 Rfd8 17. Rae1 Be6 18. Rxc7 b6 19. Rxe6 f6 20. Ree7 Kf8 21. Rf7+ 1-0

[Event "RN-2021-0-01602"]
[Site "LSS email"]
[Date "2021.01.08"]
[Round "?"]
[White "Venturas, Bob"]
[Black "Tolnai, Rudolf"]
[Result "1-0"]
[WhiteElo "769"]
[BlackElo "761"]
[PlyCount "45"]
[EventDate "2020.10.10"]
[EventType "tourn (corr)"]
[EventRounds "6"]
[EventCountry "GER"]
[SourceTitle "Corr 2022"]
[Source "ChessBase"]
[SourceDate "2021.10.24"]
[SourceVersion "1"]
[SourceVersionDate "2021.10.24"]
[SourceQuality "1"]

1. e4 e5 2. Nf3 Nc6 3. a3 a6 4. Bc4 Qf6 5. d3 h6 6. Nc3 Bc5 7. Qe2 b5 8. Ba2 b4 9. Nd5 Qd6 10. 0-0 Nce7 11. axb4 Bxb4 12. c3 Ba5 13. b4 Nxd5 14. exd5 Bb6 15. Nxe5 Ne7 16. d4 Bb7 17. Bf4 Ng6 18. Nxg6+ Kd8 19. Bxd6 Re8 20. Be7+ Kc8 21. Qf3 Kb8 22. Qxf7 Ka7 23. b5 1-0

[Event "ZN-2021-0-04263"]
[Site "LSS email"]
[Date "2021.01.06"]
[Round "?"]
[White "Lombardi, Donato"]
[Black "Venturas, Bob"]
[Result "1-0"]
[WhiteElo "844"]
[BlackElo "664"]
[PlyCount "77"]
[EventDate "2020.12.27"]
[EventType "match (corr)"]
[EventRounds "2"]
[EventCountry "GER"]
[SourceTitle "Corr 2022"]
[Source "ChessBase"]
[SourceDate "2021.10.24"]
[SourceVersion "1"]
[SourceVersionDate "2021.10.24"]
[SourceQuality "1"]

1. e4 e5 2. Nf3 Nc6 3. d4 exd4 4. Nxd4 Nxd4 5. Qxd4 Qf6 6. Be3 a6 7. Nc3 Ne7 8. 0-0-0 Nc6 9. Qxf6 gxf6 10. Bd3 Bg7 11. f4 d6 12. h3 Bd7 13. g4 0-0-0 14. Rdg1 Rhg8 15. Nd5 Be6 16. Nc3 d5 17. f5 dxe4 18. Bxe4 Ne5 19. fxe6 fxe6 20. g5 f5 21. Bg2 h6 22. gxh6 Bf6 23. Bf4 Bg5 24. Bxg5 Rxg5 25. Bxb7+ Kxb7 26. Rxg5 Nf3 27. Rg6 e5 28. Rf1 e4 29. Rf6 Nh4 30. h7 Rh8 31. Rh6 Nf3 32. Nd5 c6 33. Ne7 c5 34. Nxf5 Ng5 35. Nd6+ Kc7 36. h4 Rxh7 37. Rxh7+ Nxh7 38. Nxe4 Kb6 39. Rf7 1-0

[Event "RN-2021-0-01601"]
[Site "LSS email"]
[Date "2021.01.05"]
[Round "?"]
[White "Lombardi, Donato"]
[Black "Venturas, Bob"]
[Result "0-1"]
[WhiteElo "823"]
[BlackElo "761"]
[PlyCount "86"]
[EventDate "2020.09.28"]
[EventType "tourn (corr)"]
[EventRounds "6"]
[EventCountry "GER"]
[SourceTitle "Corr 2022"]
[Source "ChessBase"]
[SourceDate "2021.10.24"]
[SourceVersion "1"]
[SourceVersionDate "2021.10.24"]
[SourceQuality "1"]

1. e4 e5 2. Nf3 Nc6 3. d4 exd4 4. Nxd4 Nxd4 5. Qxd4 Nf6 6. Bg5 Be7 7. Nc3 0-0 8. 0-0-0 d6 9. f4 c5 10. Qe3 Ng4 11. Qg3 Bxg5 12. fxg5 Qxg5+ 13. Kb1 Qf6 14. Nd5 Qd8 15. Be2 Ne5 16. c4 f5 17. exf5 Bxf5+ 18. Ka1 Bg6 19. h4 Re8 20. Rhf1 a6 21. h5 Be4 22. Nf6+ Kh8 23. Nxe4 Re6 24. Nxc5 Re8 25. Nxb7 Qb6 26. Nxd6 Rab8 27. Rd2 Qb4 28. Rc2 Qxd6 29. c5 Qd4 30. Bf3 Nd3 31. Rd2 Rxb2 32. Rxd3 Qxd3 33. Kxb2 Qxf1 34. Bd5 Qe2+ 35. Kb3 Re3+ 36. Qxe3 Qxe3+ 37. Kc4 g6 38. hxg6 hxg6 39. c6 Qb6 40. Kd3 Kg7 41. Ke4 Kf6 42. g4 Qc7 43. a3 Qe5+ 0-1

[Event "ZN-2020-0-04239"]
[Site "LSS email"]
[Date "2020.11.17"]
[Round "?"]
[White "Simmons, Ernest"]
[Black "Venturas, Bob"]
[Result "0-1"]
[WhiteElo "546"]
[BlackElo "669"]
[PlyCount "60"]
[EventDate "2020.11.17"]
[EventType "match (corr)"]
[EventRounds "2"]
[EventCountry "GER"]
[SourceTitle "Corr 2022"]
[Source "ChessBase"]
[SourceDate "2021.10.24"]
[SourceVersion "1"]
[SourceVersionDate "2021.10.24"]
[SourceQuality "1"]

1. e4 e5 2. Nf3 Nc6 3. Bb5 d6 4. Bxc6+ bxc6 5. 0-0 h6 6. d3 Nf6 7. Nc3 Ba6 8. Bd2 Be7 9. Re1 0-0 10. Nh4 Nxe4 11. Rxe4 Bxh4 12. g3 Bg5 13. Ra4 Bb7 14. Re4 c5 15. Re1 Qd7 16. Ne4 Qc6 17. f3 f5 18. Nxg5 hxg5 19. Rf1 f4 20. g4 Qe8 21. Ba5 Qd7 22. Bd2 Kf7 23. c3 Rh8 24. Qb3+ Ke7 25. c4 Rab8 26. Qd1 Rh3 27. Rf2 Qc6 28. Kg2 Rbh8 29. Qf1 Rxh2+ 30. Kg1 Rh1+ 0-1

[Event "ZN-2020-0-04236"]
[Site "LSS email"]
[Date "2020.11.12"]
[Round "?"]
[White "Venturas, Bob"]
[Black "Tsiganok, German"]
[Result "1-0"]
[WhiteElo "624"]
[BlackElo "800"]
[PlyCount "75"]
[EventDate "2020.11.08"]
[EventType "match (corr)"]
[EventRounds "2"]
[EventCountry "GER"]
[SourceTitle "Corr 2022"]
[Source "ChessBase"]
[SourceDate "2021.10.24"]
[SourceVersion "1"]
[SourceVersionDate "2021.10.24"]
[SourceQuality "1"]

1. e4 e5 2. Nf3 Nc6 3. h3 Nf6 4. Nc3 Bc5 5. Bc4 0-0 6. 0-0 d6 7. d3 h6 8. Nh2 Nd4 9. Kh1 c6 10. f4 b5 11. Bb3 a5 12. a3 Nxb3 13. cxb3 exf4 14. Bxf4 Be6 15. Nf3 Nh7 16. d4 Bb6 17. Qd2 Ra7 18. d5 cxd5 19. exd5 Bd7 20. Bxd6 Re8 21. Qd3 Re3 22. Qd1 Qf6 23. Bh2 Qe7 24. d6 Qe6 25. Nd5 Bd8 26. Nxe3 Qxe3 27. Re1 Qb6 28. Bg1 Qb7 29. Bxa7 Qxa7 30. Rc1 Qb7 31. Ne5 Bxh3 32. Qf3 Qxf3 33. Nxf3 Be6 34. b4 axb4 35. axb4 Nf6 36. Nd4 Bd5 37. Nxb5 Ne4 38. Rc8 1-0

[Event "ZN-2020-0-04232"]
[Site "LSS email"]
[Date "2020.11.02"]
[Round "?"]
[White "Venturas, Bob"]
[Black "Cordes, Michael"]
[Result "0-1"]
[WhiteElo "629"]
[BlackElo "532"]
[PlyCount "74"]
[EventDate "2020.11.01"]
[EventType "match (corr)"]
[EventRounds "2"]
[EventCountry "GER"]
[SourceTitle "Corr 2022"]
[Source "ChessBase"]
[SourceDate "2021.10.24"]
[SourceVersion "1"]
[SourceVersionDate "2021.10.24"]
[SourceQuality "1"]

1. e4 e5 2. Nf3 d6 3. d4 exd4 4. Nxd4 c5 5. Nf3 Nf6 6. Nc3 a6 7. a3 h6 8. Bd2 Bg4 9. Be2 Qd7 10. h3 Be6 11. 0-0 Be7 12. Nh2 Nc6 13. f4 Qc7 14. f5 Nh7 15. fxe6 fxe6 16. Bh5+ Kd7 17. Rf7 Rhf8 18. Rxg7 Nf6 19. Bxh6 Rh8 20. Bg5 Nxh5 21. Rf7 Rae8 22. Qg4 Ne5 23. Rxe7+ Rxe7 24. Qd1 Reh7 25. Ng4 Nxg4 26. Qxg4 Qb6 27. Rb1 Rf8 28. Nd5 Qc6 29. Rf1 Rxf1+ 30. Kxf1 Qb5+ 31. Kg1 Qxb2 32. c4 Qd4+ 33. Be3 Qa1+ 34. Kh2 Qe5+ 35. g3 Rg7 36. Qxh5 Qxg3+ 37. Kh1 Qg2# 0-1

[Event "ZN-2020-0-04231"]
[Site "LSS email"]
[Date "2020.10.30"]
[Round "?"]
[White "Cordes, Michael"]
[Black "Venturas, Bob"]
[Result "0-1"]
[WhiteElo "540"]
[BlackElo "628"]
[PlyCount "28"]
[EventDate "2020.10.30"]
[EventType "match (corr)"]
[EventRounds "2"]
[EventCountry "GER"]
[SourceTitle "Corr 2022"]
[Source "ChessBase"]
[SourceDate "2021.10.24"]
[SourceVersion "1"]
[SourceVersionDate "2021.10.24"]
[SourceQuality "1"]

1. e4 e5 2. Bc4 Nc6 3. a3 h6 4. Nc3 Nf6 5. d3 Bc5 6. Qe2 d6 7. h3 0-0 8. Nd5 Nd4 9. Nxf6+ Qxf6 10. Be3 a6 11. b4 Ba7 12. Qd2 Be6 13. Ne2 Qg6 14. g4 Nf3+ 0-1

[Event "ZN-2020-0-04230"]
[Site "LSS email"]
[Date "2020.10.28"]
[Round "?"]
[White "Venturas, Bob"]
[Black "Cordes, Michael"]
[Result "1-0"]
[WhiteElo "617"]
[BlackElo "540"]
[PlyCount "61"]
[EventDate "2020.10.26"]
[EventType "match (corr)"]
[EventRounds "2"]
[EventCountry "GER"]
[SourceTitle "Corr 2022"]
[Source "ChessBase"]
[SourceDate "2021.10.24"]
[SourceVersion "1"]
[SourceVersionDate "2021.10.24"]
[SourceQuality "1"]

1. e4 e5 2. Nf3 Nf6 3. Nc3 d6 4. h3 a6 5. Bc4 Be7 6. d4 0-0 7. 0-0 b5 8. Bd3 Bb7 9. d5 c5 10. b3 Nbd7 11. a3 h6 12. Bd2 Qc7 13. Nh2 Nb6 14. f4 c4 15. Be2 cxb3 16. cxb3 Rac8 17. Rc1 Qd7 18. f5 Rc7 19. b4 Rfc8 20. Qe1 Nc4 21. Ng4 Nxg4 22. Bxg4 f6 23. Bh5 Nxd2 24. Qxd2 Ra8 25. Rf3 a5 26. Rg3 a4 27. Qxh6 Bf8 28. Qe3 Ba6 29. Kh2 Rc4 30. Qe2 Rac8 31. Bg6 1-0

[Event "ZN-2020-0-04218"]
[Site "LSS email"]
[Date "2020.10.15"]
[Round "?"]
[White "Venturas, Bob"]
[Black "Guenther, Rainer"]
[Result "0-1"]
[WhiteElo "632"]
[BlackElo "858"]
[PlyCount "70"]
[EventDate "2020.10.11"]
[EventType "match (corr)"]
[EventRounds "2"]
[EventCountry "GER"]
[SourceTitle "Corr 2022"]
[Source "ChessBase"]
[SourceDate "2021.10.24"]
[SourceVersion "1"]
[SourceVersionDate "2021.10.24"]
[SourceQuality "1"]

1. e4 c5 2. Nf3 d6 3. d4 cxd4 4. Nxd4 Nf6 5. Nc3 a6 6. Bd3 e5 7. Nf3 Be6 8. h3 Be7 9. 0-0 0-0 10. a3 Nc6 11. Be3 b5 12. b3 Rc8 13. Nh2 d5 14. exd5 Nd4 15. dxe6 Rxc3 16. Bxd4 exd4 17. b4 fxe6 18. f4 Qc7 19. Ng4 Nd5 20. f5 e5 21. Qe2 Bf6 22. Kh1 Nf4 23. Nxf6+ Rxf6 24. Qe1 Nxd3 25. cxd3 Rxd3 26. Rc1 Rc3 27. Rxc3 dxc3 28. Qc1 c2 29. Rf2 Rc6 30. Kg1 e4 31. Re2 Rc4 32. Kf1 Qc6 33. Ke1 Rc3 34. Rd2 Qc7 35. Kf2 e3+ 0-1

[Event "ZN-2020-0-04210"]
[Site "LSS email"]
[Date "2020.10.01"]
[Round "?"]
[White "Venturas, Bob"]
[Black "Guenther, Rainer"]
[Result "0-1"]
[WhiteElo "582"]
[BlackElo "830"]
[PlyCount "44"]
[EventDate "2020.09.24"]
[EventType "match (corr)"]
[EventRounds "2"]
[EventCountry "GER"]
[SourceTitle "Corr 2022"]
[Source "ChessBase"]
[SourceDate "2021.10.24"]
[SourceVersion "1"]
[SourceVersionDate "2021.10.24"]
[SourceQuality "1"]

1. e4 e5 2. Nf3 d6 3. d4 exd4 4. Nxd4 g6 5. Bd2 Bg7 6. Bc3 Nf6 7. Be2 Nxe4 8. Nc6 Bxc3+ 9. Nxc3 Nxc3 10. Nxd8 Nxd1 11. Nxf7 Kxf7 12. Rxd1 Re8 13. h3 Nc6 14. Rd2 Bf5 15. 0-0 Re7 16. Re1 Rae8 17. Bc4+ Kf6 18. Rxe7 Rxe7 19. Kf1 Ne5 20. Bb3 Be6 21. Ke1 Bxb3 22. axb3 Nf3+ 0-1

[Event "OP-2020-0-05028"]
[Site "LSS email"]
[Date "2020.09.28"]
[Round "?"]
[White "Reede, Arvo"]
[Black "Venturas, Bob"]
[Result "1-0"]
[WhiteElo "1544"]
[BlackElo "653"]
[PlyCount "21"]
[EventDate "2020.09.28"]
[EventType "tourn (corr)"]
[EventRounds "4"]
[EventCountry "GER"]
[SourceTitle "Corr 2022"]
[Source "ChessBase"]
[SourceDate "2021.10.24"]
[SourceVersion "1"]
[SourceVersionDate "2021.10.24"]
[SourceQuality "1"]

1. d4 d5 2. Nf3 Nc6 3. c4 h6 4. cxd5 Qxd5 5. Nc3 Qd8 6. d5 Nb8 7. e4 Bg4 8. Qa4+ Nd7 9. Ne5 Bh5 10. Nxd7 Qxd7 11. Bb5 1-0

[Event "OP-2020-0-05028"]
[Site "LSS email"]
[Date "2020.09.28"]
[Round "?"]
[White "Venturas, Bob"]
[Black "Nowot, Christina"]
[Result "1-0"]
[WhiteElo "653"]
[BlackElo "800"]
[PlyCount "29"]
[EventDate "2020.09.28"]
[EventType "tourn (corr)"]
[EventRounds "4"]
[EventCountry "GER"]
[SourceTitle "Corr 2022"]
[Source "ChessBase"]
[SourceDate "2021.10.24"]
[SourceVersion "1"]
[SourceVersionDate "2021.10.24"]
[SourceQuality "1"]

1. e4 e5 2. Nf3 Nf6 3. Nc3 Bb4 4. d3 0-0 5. Bd2 Nc6 6. a3 Bxc3 7. Bxc3 Re8 8. h3 d6 9. Be2 d5 10. 0-0 dxe4 11. dxe4 Qxd1 12. Raxd1 Nxe4 13. Bd3 Nxc3 14. bxc3 e4 15. Rfe1 1-0

[Event "ZN-2020-0-04208"]
[Site "LSS email"]
[Date "2020.09.23"]
[Round "?"]
[White "Venturas, Bob"]
[Black "Guenther, Rainer"]
[Result "0-1"]
[WhiteElo "641"]
[BlackElo "826"]
[PlyCount "52"]
[EventDate "2020.09.23"]
[EventType "match (corr)"]
[EventRounds "2"]
[EventCountry "GER"]
[SourceTitle "Corr 2022"]
[Source "ChessBase"]
[SourceDate "2021.10.24"]
[SourceVersion "1"]
[SourceVersionDate "2021.10.24"]
[SourceQuality "1"]

1. e4 c5 2. h3 Nc6 3. Nf3 e5 4. Nc3 Nf6 5. a3 d6 6. Bc4 Be7 7. d3 Be6 8. Bxe6 fxe6 9. 0-0 0-0 10. Ng5 Nd4 11. Ne2 Qd7 12. c3 Nxe2+ 13. Qxe2 h6 14. Nf3 b5 15. Nh2 Rae8 16. f4 exf4 17. Bxf4 e5 18. Bg3 Bd8 19. Rad1 c4 20. dxc4 Bb6+ 21. Kh1 bxc4 22. Qxc4+ Kh7 23. Nf3 Nh5 24. Bxe5 Rxe5 25. Nxe5 Rxf1+ 26. Qxf1 Ng3+ 0-1

[Event "ZN-2020-0-04205"]
[Site "LSS email"]
[Date "2020.09.17"]
[Round "?"]
[White "Venturas, Bob"]
[Black "Guenther, Rainer"]
[Result "1/2-1/2"]
[WhiteElo "616"]
[BlackElo "808"]
[PlyCount "79"]
[EventDate "2020.09.09"]
[EventType "match (corr)"]
[EventRounds "2"]
[EventCountry "GER"]
[SourceTitle "Corr 2022"]
[Source "ChessBase"]
[SourceDate "2021.10.24"]
[SourceVersion "1"]
[SourceVersionDate "2021.10.24"]
[SourceQuality "1"]

1. e4 c5 2. Nf3 d6 3. h3 Nc6 4. a3 e5 5. Bc4 Nf6 6. Nc3 Be6 7. Bb5 Be7 8. Nd5 0-0 9. 0-0 Nxe4 10. d3 Bxd5 11. c4 Nxf2 12. Rxf2 Bxf3 13. Qxf3 Nd4 14. Qd1 a6 15. Ba4 b5 16. Bb3 Bh4 17. Rf1 Kh8 18. cxb5 Nxb3 19. Qxb3 axb5 20. Qd5 f5 21. Qe6 f4 22. Bd2 Bg3 23. Qd5 Qb6 24. Kh1 Ra4 25. Bc3 Rfa8 26. Rac1 b4 27. axb4 cxb4 28. b3 Ra2 29. Be1 Qa6 30. Bxb4 h5 31. Bxd6 Rd8 32. Qc6 Rxd6 33. Qc8+ Kh7 34. Qf5+ Rg6 35. Rc8 Ra1 36. Qxh5+ Rh6 37. Qf5+ Rg6 38. Qh5+ Rh6 39. Qf5+ Rg6 40. Qh5+ 1/2-1/2

[Event "ZN-2020-0-04186"]
[Site "LSS email"]
[Date "2020.07.27"]
[Round "?"]
[White "Venturas, Bob"]
[Black "Kuttner, Jaromir"]
[Result "0-1"]
[WhiteElo "699"]
[BlackElo "700"]
[PlyCount "40"]
[EventDate "2020.07.15"]
[EventType "match (corr)"]
[EventRounds "2"]
[EventCountry "GER"]
[SourceTitle "Corr 2022"]
[Source "ChessBase"]
[SourceDate "2021.10.24"]
[SourceVersion "1"]
[SourceVersionDate "2021.10.24"]
[SourceQuality "1"]

1. e4 c5 2. Nf3 Nc6 3. d4 cxd4 4. Nxd4 g6 5. Bc4 Bg7 6. Nxc6 bxc6 7. Qf3 e6 8. 0-0 Ne7 9. c3 0-0 10. b4 d5 11. exd5 cxd5 12. Bb3 Qc7 13. Bb2 Bb7 14. Na3 d4 15. Qd3 Qc6 16. f3 dxc3 17. Bc1 Rad8 18. Qe2 Nf5 19. Bf4 Nd4 20. Qc2 Nxc2 0-1

[Event "ZN-2020-0-04183"]
[Site "LSS email"]
[Date "2020.07.10"]
[Round "?"]
[White "Trevis, Robert R"]
[Black "Venturas, Bob"]
[Result "1-0"]
[WhiteElo "748"]
[BlackElo "644"]
[PlyCount "27"]
[EventDate "2020.07.09"]
[EventType "match (corr)"]
[EventRounds "2"]
[EventCountry "GER"]
[SourceTitle "Corr 2022"]
[Source "ChessBase"]
[SourceDate "2021.10.24"]
[SourceVersion "1"]
[SourceVersionDate "2021.10.24"]
[SourceQuality "1"]

1. e4 e5 2. Nf3 Nc6 3. Bb5 d6 4. d4 exd4 5. Qxd4 Bd7 6. Bxc6 Bxc6 7. Bg5 f6 8. Bd2 Ne7 9. 0-0 Qd7 10. Re1 Ng6 11. Nc3 Be7 12. Nd5 0-0 13. Qc4 a6 14. Nxf6+ 1-0

[Event "ZN-2020-0-04177"]
[Site "LSS email"]
[Date "2020.06.29"]
[Round "?"]
[White "Trevis, Robert R"]
[Black "Venturas, Bob"]
[Result "1-0"]
[WhiteElo "709"]
[BlackElo "652"]
[PlyCount "27"]
[EventDate "2020.06.25"]
[EventType "match (corr)"]
[EventRounds "2"]
[EventCountry "GER"]
[SourceTitle "Corr 2022"]
[Source "ChessBase"]
[SourceDate "2021.10.24"]
[SourceVersion "1"]
[SourceVersionDate "2021.10.24"]
[SourceQuality "1"]

1. d4 d5 2. Nf3 Nc6 3. c4 Nf6 4. cxd5 Nxd5 5. e4 Nb6 6. d5 Nb8 7. Nc3 Bg4 8. h3 Bh5 9. g4 Bg6 10. Bf4 a6 11. Rc1 N8d7 12. Nb5 Qc8 13. Nxc7+ Kd8 14. Qd4 1-0

[Event "ZN-2020-0-04177"]
[Site "LSS email"]
[Date "2020.06.29"]
[Round "?"]
[White "Venturas, Bob"]
[Black "Trevis, Robert R"]
[Result "0-1"]
[WhiteElo "652"]
[BlackElo "709"]
[PlyCount "46"]
[EventDate "2020.06.25"]
[EventType "match (corr)"]
[EventRounds "2"]
[EventCountry "GER"]
[SourceTitle "Corr 2022"]
[Source "ChessBase"]
[SourceDate "2021.10.24"]
[SourceVersion "1"]
[SourceVersionDate "2021.10.24"]
[SourceQuality "1"]

1. e4 c5 2. Nf3 Nc6 3. Bc4 e6 4. d4 d5 5. exd5 exd5 6. Bb5 Nf6 7. Bxc6+ bxc6 8. 0-0 Be7 9. h3 0-0 10. Be3 cxd4 11. Qxd4 c5 12. Qd1 Rb8 13. b3 Ne4 14. Nbd2 Nc3 15. Qe1 Bf6 16. a4 Ba6 17. Bxc5 Re8 18. Be3 Bxf1 19. Kxf1 d4 20. Nc4 dxe3 21. fxe3 Qc7 22. Qf2 Ne4 23. Qe2 Ng3+ 0-1

[Event "ZN-2020-0-04176"]
[Site "LSS email"]
[Date "2020.06.25"]
[Round "?"]
[White "Simmons, Ernest"]
[Black "Venturas, Bob"]
[Result "0-1"]
[WhiteElo "469"]
[BlackElo "628"]
[PlyCount "46"]
[EventDate "2020.06.24"]
[EventType "match (corr)"]
[EventRounds "2"]
[EventCountry "GER"]
[SourceTitle "Corr 2022"]
[Source "ChessBase"]
[SourceDate "2021.10.24"]
[SourceVersion "1"]
[SourceVersionDate "2021.10.24"]
[SourceQuality "1"]

1. e4 e5 2. Nf3 Nc6 3. Bb5 d6 4. Bxc6+ bxc6 5. 0-0 Nf6 6. d3 h6 7. h3 Be7 8. Nc3 Ba6 9. Re1 0-0 10. Bd2 Nd7 11. Be3 d5 12. Bd2 d4 13. Ne2 f5 14. exf5 Rxf5 15. Ng3 Rf7 16. Nxe5 Nxe5 17. Rxe5 Bb7 18. Re2 Rf8 19. Nf5 Rxf5 20. f3 c5 21. Qe1 Bh4 22. Qf1 Qf6 23. Be1 Bxf3 0-1